| 000 | 00890cam a2200289 4500 | ||
|---|---|---|---|
| 999 |
_c234086 _d234086 |
||
| 001 | 4554559 | ||
| 003 | Nust | ||
| 005 | 20170313134253.0 | ||
| 008 | 720320s1971 enk 000 1 eng | ||
| 010 | _a 72175542 | ||
| 015 | _aB71-22911 | ||
| 020 | _a9780330487054 | ||
| 040 |
_aDLC _cDLC _dDLC |
||
| 050 | 0 | 0 |
_aPR6064.A34 _bI5 1971 |
| 082 | 0 | 0 |
_a823 _bNAI |
| 100 | 1 |
_aNaipaul, V. S. _q(Vidiadhar Surajprasad), _d1932- |
|
| 245 | 1 | 0 |
_aIn a free state, _c[by] V. S. Naipaul. |
| 260 |
_aLondon, _bDeutsch, _c1971. |
||
| 300 |
_a247 p. _c22 cm. |
||
| 350 | _a£1.75 | ||
| 650 | 0 |
_aTravelers _vFiction. |
|
| 650 | 0 |
_aCulture conflict _vFiction. |
|
| 650 | 0 |
_aBritish _zAfrica _vFiction. |
|
| 650 | 0 |
_aEast Indians _zUnited States _vFiction. |
|
| 650 | 0 |
_aWest Indians _zGreat Britain _vFiction. |
|
| 906 |
_a7 _bcbc _corignew _d3 _encip _f19 _gy-gencatlg |
||
| 942 |
_2ddc _cBK |
||